Catalog

Record Details

Catalog Search



Mešuge  Cover Image Book Book

Mešuge / Isaac Bashevis Singer ; [z angličtiny] přeložil Aleš J. Novák

Record details

  • ISBN: 80-85928-12-4
  • Physical Description: 155 s. ; 24 cm
  • Publisher: Praha : Columbus, 1997

Content descriptions

General Note:
Román vycházel na pokračování v jidiš od dubna 1981 do února 1983 v novinách Forward pod pův. názvem Ztracené duše
Genre: romány

Available copies

  • 1 of 1 copy available at Common Catalog SPOK.

Holds

  • 0 current holds with 1 total copy.
Show Only Available Copies
Location Call Number / Copy Notes Barcode Shelving Location Status Due Date
The Jewish community of Prague K 1932 4638301753 K - Beletrie Available -

Electronic resources

Version of Resource: Digitalizovaný dokument


LDR 01186nam a2200325 a 4500
00153592
003CZ-PrJAB
00520191210114053.0
007tu
008970829s1997 xr e 000 1 cze
015 . ‡acnb000213388
020 . ‡a80-85928-12-4 ‡q(váz.)
035 . ‡a(CZ PrNK)cpk19970213388
035 . ‡a(OCoLC)38454405
040 . ‡aABA001 ‡bcze
0411 . ‡acze ‡heng ‡hyid
072 7. ‡a821.111(73)-3 ‡xAmerická próza ‡2Konspekt ‡925
080 . ‡a820(73)-31 ‡2undef
1001 . ‡aSinger, Isaac Bashevis, ‡d1904-1991 ‡7jn19990007991 ‡4aut
24510. ‡aMešuge / ‡cIsaac Bashevis Singer ; [z angličtiny] přeložil Aleš J. Novák
2463 . ‡aZtracené duše
260 . ‡aPraha : ‡bColumbus, ‡c1997
300 . ‡a155 s. ; ‡c24 cm
500 . ‡aRomán vycházel na pokračování v jidiš od dubna 1981 do února 1983 v novinách Forward pod pův. názvem Ztracené duše
655 7. ‡aromány ‡7fd133289 ‡2czenas
7001 . ‡aNovák, Aleš J. ‡7xx0128148 ‡4trl
7650 . ‡tMeshugah ‡9Česky
85641. ‡uhttp://krameriusndk.nkp.cz/search/handle/uuid:eb720880-8280-11e2-aa2b-005056827e51 ‡yDigitalizovaný dokument
910 . ‡aABE461
995 . ‡aska
901 . ‡a53592 ‡bAUTOGEN ‡c53592 ‡tbiblio

Additional Resources